书目信息 |
| 题名: |
国外射流技术专辑
|
|
| 作者: | ;中国科学技术情报研究所重庆分所 编辑 | |
| 分册: | ||
| 出版信息: | 重庆 科学技术文献出版社重庆分社 1978 |
|
| 页数: | 294页 | |
| 开本: | 26cm | |
| 丛书名: | ||
| 单 册: | ||
| 中图分类: | TP6-53 | |
| 科图分类: | ||
| 主题词: | 射流技术--外国--文集 | |
| 电子资源: | ||
| ISBN: | ||
| 000 | 00693nam0 2200217 45 | |
| 001 | 0178001889 | |
| 005 | 20060725091555.50 | |
| 010 | @dCNY1.90 | |
| 091 | @a15176.327 | |
| 100 | @a19950728d1978 em y0chiy0121 ea | |
| 101 | 0 | @achi |
| 102 | @aCN@b510000 | |
| 105 | @ay z 000yy | |
| 200 | 10 | @a国外射流技术专辑@Aguo wai she liu ji shu zhuan ji@f中国科学技术情报研究所重庆分所编辑 |
| 210 | @a重庆@c科学技术文献出版社重庆分社@d1978 | |
| 215 | @a294页@d26cm | |
| 606 | @a射流技术@y外国@x文集 | |
| 690 | @aTP6-53@v3 | |
| 711 | 02 | @a中国科学技术情报研究所重庆分所@Azhong guo ke xue ji shu qing bao yan jiusuo zhong qing fen suo@4编辑 |
| 801 | 0 | @aCN@bTSSF@c20060725 |
| 905 | @a10447@dTP6-53@e17 | |
| 国外射流技术专辑/中国科学技术情报研究所重庆分所编辑.-重庆:科学技术文献出版社重庆分社,1978 |
| 294页;26cm |
| ISBN :CNY1.90 |
| ● |
| 相关链接 |
|
|
|
|
正题名:国外射流技术专辑
索取号:TP6-53/17
 
预约/预借
| 序号 | 登录号 | 条形码 | 馆藏地/架位号 | 状态 | 备注 |
| 1 | 0007268 | 001643617 | 第二样本阅览室/ [索取号:TP6-53/17] | 在馆 | |
| 2 | 0438350 | 204383504 | 密集书库/ [索取号:TP6-53/17] | 在馆 | |
| 3 | 0438351 | 204383513 | 密集书库/ [索取号:TP6-53/17] | 在馆 |